Normal view
MARC view
Entry Topical Term
001 - CONTROL NUMBER
- control field: 1415
003 - CONTROL NUMBER IDENTIFIER
- control field: BD-RjUL
005 - DATE AND TIME OF LATEST TRANSACTION
- control field: 20220216125955.0
008 - FIXED-LENGTH DATA ELEMENTS
- fixed length control field: 220216|| aca||aabn | a|a d
040 ## - CATALOGING SOURCE
- Original cataloging agency: BD-RjUL
- Transcribing agency: BD-RjUL
150 ## - HEADING--TOPICAL TERM
- Topical term or geographic name entry element: Coronary Artery Disease
- General subdivision: Disease
- General subdivision: Ultrasonic cardiography
670 ## - SOURCE DATA FOUND
- Source citation: Work cat.: (BD-RjUL)79404: Bhaduri, Joydeep 1414, Duplex UlTrasonographic studies on peripheral arteries in patients having Coronary Artery disease /, 2015